A-Z Business studies work-book (Record no. 3188)

MARC details
005 - DATE AND TIME OF LATEST TRANSACTION
control field 20250605085717.0
020 ## - INTERNATIONAL STANDARD BOOK NUMBER
International Standard Book Number 0-340-799811
082 ## - DEWEY DECIMAL CLASSIFICATION NUMBER
Classification number LECT 658 MAR
100 ## - MAIN ENTRY--PERSONAL NAME
Author name MARCOUSE, I
245 ## - TITLE STATEMENT
Title A-Z Business studies work-book
260 ## - PUBLICATION, DISTRIBUTION, ETC.
Place of publication, distribution, etc. London,
Name of publisher, distributor, etc. Hodder & Stoughton,
Date of publication, distribution, etc. 2002.
300 ## - PHYSICAL DESCRIPTION
Extent v, 233p.: ill.; chart, figure, graph, table.
Dimensions 25cm.
856 ## - ELECTRONIC LOCATION AND ACCESS
Link text Access online book
Electronic name A-Z Business studies work-book
Path www.hodderheadline.co.uk
942 ## - ADDED ENTRY ELEMENTS (KOHA)
Source of classification or shelving scheme Dewey Decimal Classification
Koha item type Books
Holdings
Date last seen Total checkouts Full call number Barcode Cost, replacement price Price effective from Koha item type Lost status Source of classification or shelving scheme Damaged status Not for loan Withdrawn status Home library Current library Shelving location Date acquired Cost, normal purchase price
06/05/2025   LECT 658 MAR 00000011136 45000.00 06/05/2025 Books   Dewey Decimal Classification       College of Business Education Main Library College of Business Education Main Library General Collection 07/13/2005 15000.00
06/05/2025   LECT 658 MAR 00000011137 45000.00 06/05/2025 Books   Dewey Decimal Classification       College of Business Education Main Library College of Business Education Main Library General Collection 07/13/2005 15000.00
06/05/2025   LECT 658 MAR 00000011138 45000.00 06/05/2025 Books   Dewey Decimal Classification       College of Business Education Main Library College of Business Education Main Library General Collection 07/13/2005 15000.00
06/05/2025   LECT 658 MAR 00000011139 45000.00 06/05/2025 Books   Dewey Decimal Classification       College of Business Education Main Library College of Business Education Main Library General Collection 07/13/2005 15000.00